000 02958cam a2200433 i 4500
001 6215
003 FISKH
005 20250331085252.0
008 141120s2015 nyuab b 001 0 eng
010 _a 2014028418
020 _a9780062316097 (hardback)
020 _a9780099590088
020 _a9780062316110 (trade paperback)
020 _z9780062316103 (ebook)
040 _aDLC
_beng
_cDLC
_erda
_dDLC
050 _aCB113.H4 H3713
082 _a909
100 1 _aHarari, Yuval N.
245 1 0 _aSapiens :
_ba brief history of humankind /
_cYuval Noah Harari.
250 _aThis edition published in 2014
260 _aLondon :
_bVintage,
_c2011
300 _a498 pages :
_billustrations ;
_c20 cm
336 _atext
_2rdacontent
337 _aunmediated
_2rdamedia
338 _avolume
_2rdacarrier
504 _aIncludes bibliographical references and index.
520 _a"From a renowned historian comes a groundbreaking narrative of humanity's creation and evolution--a #1 international bestseller--that explores the ways in which biology and history have defined us and enhanced our understanding of what it means to be "human." One hundred thousand years ago, at least six different species of humans inhabited Earth. Yet today there is only one--homo sapiens. What happened to the others? And what may happen to us? Most books about the history of humanity pursue either a historical or a biological approach, but Dr. Yuval Noah Harari breaks the mold with this highly original book that begins about 70,000 years ago with the appearance of modern cognition. From examining the role evolving humans have played in the global ecosystem to charting the rise of empires, Sapiens integrates history and science to reconsider accepted narratives, connect past developments with contemporary concerns, and examine specific events within the context of larger ideas .Dr. Harari also compels us to look ahead, because over the last few decades humans have begun to bend laws of natural selection that have governed life for the past four billion years. We are acquiring the ability to design not only the world around us, but also ourselves. Where is this leading us, and what do we want to become? Featuring 27 photographs, 6 maps, and 25 illustrations/diagrams, this provocative and insightful work is sure to spark debate and is essential reading for aficionados of Jared Diamond, James Gleick, Matt Ridley, Robert Wright, and Sharon Moalem"--
_cProvided by publisher.
650 0 _aCivilization
_xHistory.
650 0 _aHuman beings
_xHistory.
650 0 _aWorld history.
650 0 _aChronology, Historical.
650 0 _aTechnology and civilization
_xHistory.
650 7 _aSCIENCE / Life Sciences / Evolution.
_2bisacsh
650 7 _aSCIENCE / Life Sciences / General.
_2bisacsh
650 7 _aSCIENCE / General.
_2bisacsh
906 _a7
_bcbc
_corignew
_d1
_eecip
_f20
_gy-gencatlg
942 _2ddc
_cBK
_n0
999 _c6215
_d6215